Statistics for Greatest Music Artists of all Time

Click here to take the quiz!

General Stats

  • This quiz has been taken 230 times
    (182 since last reset)
  • The average score is 21 of 100

Answer Stats

#Artist% Correct
1The Beatles
93%
8Michael Jackson
77%
4Elvis Presley
71%
10The Rolling Stones
71%
3Elton John
66%
2Madonna
63%
7Janet Jackson
60%
39Beyoncé
56%
85Eminem
55%
13Rihanna
49%
9750 Cent
48%
45George Michael
48%
5Mariah Carey
48%
18Prince
47%
9Whitney Houston
45%
53P!nk
44%
34Taylor Swift
41%
86Jay Z
39%
21Aretha Franklin
38%
89Kanye West
37%
24Katy Perry
37%
83Céline Dion
35%
92Bruce Springsteen
33%
30The Beach Boys
33%
62Eagles
30%
68Lady Gaga
30%
6Stevie Wonder
30%
90Justin Timberlake
29%
22Marvin Gaye
28%
11Paul McCartney
27%
25Billy Joel
24%
12Bee Gees
23%
26Diana Ross
23%
88Fleetwood Mac
23%
55Ray Charles
23%
52Bon Jovi
22%
16The Supremes
21%
67Chris Brown
20%
23Phil Collins
20%
36The Jacksons
20%
28The Temptations
20%
61Bruno Mars
19%
75James Brown
19%
44Maroon 5
19%
43Cher
18%
95Four Tops
17%
82Destiny's Child
15%
29Donna Summer
14%
31Lionel Richie
14%
14Usher
14%
41Barbra Streisand
13%
15Chicago
13%
19Rod Stewart
13%
84The Miracles
13%
59Duran Duran
12%
38Kenny Rogers
12%
20Olivia Newton-John
12%
46The Black Eyed Peas
12%
72The Everly Brothers
12%
63TLC
12%
42Bryan Adams
11%
79Kelly Clarkson
11%
58Ricky Nelson
11%
33Carpenters
10%
66Dionne Warwick
10%
70Heart
10%
27The 4 Seasons
10%
77Alicia Keys
9%
32Neil Diamond
9%
87Bob Seger
8%
56Foreigner
8%
94John Denver
8%
71Nelly
8%
74R. Kelly
8%
60Commodores
7%
65Barry Manilow
6%
35Boyz II Men
6%
73Bobby Darin
5%
40Brenda Lee
5%
50Huey Lewis & The News
5%
69Gladys Knight and the Pips
4%
76Paula Abdul
4%
81Starship
4%
49Three Dog Night
4%
100Andy Gibb
3%
47Bobby Vinton
3%
99Captain & Tennille
3%
54Chubby Checker
3%
37Connie Francis
3%
51Gloria Estefan
3%
48John Mellencamp
3%
57Kool & The Gang
3%
78Linda Ronstadt
3%
91Neil Sedaka
3%
64Paul Anka
3%
96Tony Orlando & Dawn
3%
80Richard Marx
2%
98The 5th Dimension
2%
93The Pointer Sisters
2%
17Daryl Hall John Oates
1%

Score Distribution

Percentile by Number Answered

Percent of People with Each Score

Your Score History

You have not taken this quiz since the last reset